La primavera romana della signora Stone : romanzo /

Saved in:
Bibliografiske detaljer
Hovedforfatter: Williams, Tennessee (Author)
Format: Bog
Sprog:italiensk
Udgivet: Milano : Garzanti, 1975
Udgivelse:2. ed
Serier:I Garzanti ; 561
Tags: Tilføj Tag
Ingen Tags, Vær først til at tagge denne postø!

MARC

LEADER 00000nam a22000007i 4500
001 IT\ICCU\MOD\0390943
003 ItRI
005 20260115232352.0
008 010330s1975 it |||||| ||||| |||||c
040 |b ita  |c importazione bologna sebina 
041 7 |a ita  |2 ISO-639-2 
082 |a 813  |9 Narrativa americana in inglese  |2 14 
100 1 |a Williams, Tennessee  |0 IT\ICCU\CFIV\088291  |4 aut 
240 1 4 |a The Roman spring of Mrs. Stone  |3 IT\ICCU\SBL\0353643  |9 Williams, Tennessee 
245 1 3 |a La primavera romana della signora Stone :  |b romanzo /  |c Tennessee Williams. 
250 |a 2. ed 
260 |a Milano :  |b Garzanti,  |c 1975 
300 |a 145 p. ;  |c 18 cm 
790 1 |a Williams, Thomas Lanier  |3 IT\ICCU\CFIV\088292  |z Williams, Tennessee 
830 2 |a I Garzanti ;  |v 561  |0 IT\ICCU\CFI\0000917 
942 |2 ddc  |c BK  |n 0 
952 |0 0  |1 0  |4 0  |6 DOC_813_520000000000000_WIL  |7 0  |9 24939  |a BO  |b BO  |d 2026-01-15  |i 1666  |l 0  |o DOC 813.52 WIL  |p BO1666  |r 2026-01-15 23:23:52  |w 2026-01-15  |x [Sebina 5] [1 v.]  |y BK  |z 1 v. 
952 |0 0  |1 0  |4 0  |6 DOC_813_520000000000000_WIL  |7 0  |9 24940  |a BO  |b BO  |d 2026-01-15  |i 9699  |l 0  |o DOC 813.52 WIL  |p BO9699  |r 2026-01-15 23:23:52  |w 2026-01-15  |x [Sebina 5] [1 v.]  |y BK  |z 1 v. 
952 |0 0  |1 0  |4 0  |6 DOC_813_520000000000000_WIL  |7 0  |9 24941  |a BO  |b BO  |d 2026-01-15  |i 9692  |l 0  |o DOC 813.52 WIL  |p BO9692  |r 2026-01-15 23:23:52  |w 2026-01-15  |x [Sebina 5] [1 v.]  |y BK  |z 1 v. 
999 |c 21189  |d 21189